Iron Man. (Record no. 333)

MARC details
000 -LEADER
fixed length control field 00545nam a2200193 a 4500
005 - DATE AND TIME OF LATEST TRANSACTION
control field 20260322212015.0
008 - FIXED-LENGTH DATA ELEMENTS--GENERAL INFORMATION
fixed length control field data
020 ## - INTERNATIONAL STANDARD BOOK NUMBER
International Standard Book Number 9780785189428
099 ## - LOCAL FREE-TEXT CALL NUMBER (OCLC)
Classification number GILLEK
001 - CONTROL NUMBER
control field data
100 1# - MAIN ENTRY--PERSONAL NAME
Personal name Gillen, Kieron
245 10 - TITLE STATEMENT
Title Iron Man.
Remainder of title Vol. 4 ; Iron Metropolitan /
Statement of responsibility, etc. Kieron Gillen, Scott Hanna & Joe Bennett.
260 ## - PUBLICATION, DISTRIBUTION, ETC.
Place of publication, distribution, etc. New York, NY :
Name of publisher, distributor, etc. Marvel Worldwide, Inc.
Date of publication, distribution, etc. 2014.
300 ## - PHYSICAL DESCRIPTION
Extent 1 v. (unpaged) : chiefly col. ill. ;
Other physical details 27 cm.
650 #0 - SUBJECT ADDED ENTRY--TOPICAL TERM
Topical term or geographic name entry element Science fiction
650 #0 - SUBJECT ADDED ENTRY--TOPICAL TERM
Topical term or geographic name entry element Superheroes
700 1# - ADDED ENTRY--PERSONAL NAME
Personal name Hanna, Scott
700 1# - ADDED ENTRY--PERSONAL NAME
Personal name Bennett, Joe
Dates associated with a name 1968-
Holdings
Withdrawn status Lost status Damaged status Not for loan Home library Current library Shelving location Date acquired Total checkouts Full call number Barcode Date last seen Price effective from Koha item type
        Riverside Riverside General stacks 22/03/2026   GEN BC0010343 22/03/2026 22/03/2026 Books